000 01492nam a2200325 i 4500
003 DO-SdBNP
005 20260703105301.0
007 ta
008 260703t2004 dr ||||gr|||||||| |bspa|d
020 _a9993404446
040 _aDO-SdINT
_bspa
_erda
_cDO-SdINT
041 _hspa
044 _adr
_bDO
082 _aRD 346.082 C389d 2004
_222
100 1 _aCedeño, Víctor Livio
_94954
_eautor
_4aut
245 0 _aDerecho Bancario Dominicano :
_bPuesto al Día a la Luz del Código Monetario y Financiero, y Enriquecido con las Jurisprudencias Francesa y Dominicana /
_cVíctor Livio Cedeño J. , editor: L. Almanzor González Canahuate.
250 _aTercera edición.
264 _aSanto Domingo, República Dominicana :
_bEditora Centenario,
_c2004.
300 _aXV, 242, 1 sin numerar páginas ;
_c23 cm.
336 _atexto
_btxt
_2rdacontent
337 _asin mediación
_bn
_2rdamedia
338 _avolumen
_bnc
_2rdacarrier
490 _aTomo 1
500 _aIncluye datos del autor en la contraportada de la obra.
505 _aDedicatorias XV -- Presentación a tercera edición 1 -- Prólogo 3 -- Motivación 5 -- Plan 7 -- Introducción 9 -- Financiera 10 -- Primera Parte. La Reglamentación de las Profesionales Bancarias 19 -- Segunda Parte. Las Cuentas Bancarias 131
590 _aInventariado, 2026/WG.
650 0 _aDerecho bancario
_97013
_zRepública Dominicana
700 _aGonzález Canahuate, L. Almanzor,
_95213
_d1935-.
_eeditor
942 _2ddc
_cLBS1
999 _c61001
_d61001